Reorganización de las misiones franciscanas en Araucanía y Chiloé
Salvato in:
| Autore principale: | |
|---|---|
| Natura: | Libro |
| Lingua: | spagnolo |
| Pubblicazione: |
Santiago
Publicaciones del Archivo Franciscano
1993
|
| Soggetti: | |
| Tags: |
Aggiungi Tag
Nessun Tag, puoi essere il primo ad aggiungerne!!
|
MARC
| LEADER | 00000nam a2200000 a 4500 | ||
|---|---|---|---|
| 001 | UCY3197 | ||
| 003 | CL-VaPUC | ||
| 008 | 941215e19930000CL |||||||||||||||||spa|d | ||
| 082 | 0 | 4 | |a 271.3083 |b ARR |2 21 |
| 100 | |a Arriagada Cortés, Fernando |e author |9 583164 | ||
| 245 | 1 | 0 | |a Reorganización de las misiones franciscanas en Araucanía y Chiloé |
| 300 | |a 55 p | ||
| 942 | |c BK | ||
| 945 | |d 19941215 00:00:00 |a aalvarez | ||
| 260 | |a Santiago |b Publicaciones del Archivo Franciscano |c 1993 | ||
| 650 | 0 | |a Franciscanos |9 267404 | |
| 651 | 7 | |a CHILE |2 CL-VaPUC |9 331441 | |
| 583 | |a last modification |c 19941215 00:00:00 |k Rodrigo Vera | ||
| 999 | |c 231407 |d 231405 | ||
| 952 | |0 0 |1 0 |4 0 |6 271_308300000000000_ARR_1993 |7 0 |8 A |9 234640 |a BIBTEO |b BIBTEO |d 2019-11-15 |i 3043681 |o 271.3083 ARR 1993 |p 3043681 |r 2025-01-17 |w 2019-11-15 |y BK |k ICR | ||